Automated planning: theory and practice

The first book to go beyond classical planning, showcasing a range of modern techniques

Bewaard in:
Bibliografische gegevens
Hoofdauteur: Ghallab, Malik
Formaat: Boek
Taal:Undetermined
Gepubliceerd in: Amsterdam Morgan Kaufmann Publishers 2004
Onderwerpen:
Tags: Voeg label toe
Geen labels, Wees de eerste die dit record labelt!
Thư viện lưu trữ: Trung tâm Học liệu Trường Đại học Cần Thơ
LEADER 00661nam a2200217Ia 4500
001 CTU_94372
008 210402s9999 xx 000 0 und d
020 |c 63.65 
082 |a 658.5 
082 |b G411 
100 |a Ghallab, Malik 
245 0 |a Automated planning: theory and practice 
245 0 |c Malik Ghallab, Dana Nau 
260 |a Amsterdam 
260 |b Morgan Kaufmann Publishers 
260 |c 2004 
520 |a The first book to go beyond classical planning, showcasing a range of modern techniques 
650 |a Production planning 
650 |x Data processing. 
904 |i Năm 
980 |a Trung tâm Học liệu Trường Đại học Cần Thơ